00399nam a2200157Ia 45000010006000000050017000060080041000230410008000640820015000721000041000872450060001282600009001883000028001976500008002256540008002331645620260306170311.0260306t2022||||xx |||||||||||||| ||und|| aESP a348.6bF62 aFlores Buendía, Renán PaveleAUT 0aManual de contratación laboral en el sector público c2022 a591 páginas :c25 cm. aGEN aCDE